000 00313 a2200109 4500
082 _a519.5 MIL
100 _aMiller,Irwin
245 _aMathematical statistics
_cIrwin Miller,Marylees Miller
250 _a6th.ed.
260 _aIslamabad:
_bNational Book Foundation,
300 _aviii,624p. :
_bill. ;
_c25 cm
650 _amathematical statistics
999 _c544
_d544